| 000 | 00597nam a2200193 a 4500 | ||
|---|---|---|---|
| 005 | 20230624064103.0 | ||
| 008 | 060530s2004 mx r 000 0 spa d | ||
| 020 | _a9870004547 | ||
| 035 | _aUPN01000144878 | ||
| 049 | _aCG | ||
| 050 | 4 |
_aHQ777.5 _bG6.7 |
|
| 100 | 1 |
_aGoldberg, Beatriz _930945 |
|
| 245 | 1 | 0 |
_aTuyos, mios, nuestros : _bcomo rearmar y disfrutar la familia después del divorcio / _cBeatriz Goldberg. |
| 260 |
_aBuenos Aires : _bLumen, _c2004. |
||
| 300 | _a238 p. | ||
| 650 | 4 |
_aHIJOS DE PADRES DIVORCIADOS _94350 |
|
| 650 | 4 |
_aRelaciones interpersonales _91551 |
|
| 905 | _aLibro | ||
| 999 |
_c117025 _d117025 |
||